ABC of mental health / (Record no. 128944)

MARC details
000 -LEADER
fixed length control field 00813cam a22002654a 4500
008 - FIXED-LENGTH DATA ELEMENTS--GENERAL INFORMATION
fixed length control field
020 ## - INTERNATIONAL STANDARD BOOK NUMBER
International Standard Book Number 0727912208 (pbk.)
049 ## - LOCAL HOLDINGS (OCLC)
Holding library MAIN
090 ## - LOCALLY ASSIGNED LC-TYPE CALL NUMBER (OCLC); LOCAL CALL NUMBER (RLIN)
Classification number (OCLC) (R) ; Classification number, CALL (RLIN) (NR) RA790.5
Local cutter number (OCLC) ; Book number/undivided call number, CALL (RLIN) ABC
003 - CONTROL NUMBER IDENTIFIER
control field
005 - DATE AND TIME OF LATEST TRANSACTION
control field 20230123122151.0
040 ## - CATALOGING SOURCE
Transcribing agency NUST
245 00 - TITLE STATEMENT
Title ABC of mental health /
Statement of responsibility, etc. edited by Teifion Davies, Tom Craig.
260 ## - PUBLICATION, DISTRIBUTION, ETC.
Place of publication, distribution, etc. Chichester :
Name of publisher, distributor, etc. BMJ Books,
Date of publication, distribution, etc. 1998.
300 ## - PHYSICAL DESCRIPTION
Extent xii, 82 p. :
Other physical details ill. ;
Dimensions 29 cm.
504 ## - BIBLIOGRAPHY, ETC. NOTE
Bibliography, etc. note Includes bibliographical references.
500 ## - GENERAL NOTE
General note Includes index.
650 #0 - SUBJECT ADDED ENTRY--TOPICAL TERM
Topical term or geographic name entry element Mental health services
Form subdivision Handbooks, manuals, etc.
650 12 - SUBJECT ADDED ENTRY--TOPICAL TERM
Topical term or geographic name entry element Mental Disorders.
650 22 - SUBJECT ADDED ENTRY--TOPICAL TERM
Topical term or geographic name entry element Community Mental Health Services.
700 1# - ADDED ENTRY--PERSONAL NAME
Personal name Davies, Teifion.
700 1# - ADDED ENTRY--PERSONAL NAME
Personal name Craig, T. K. J.
907 ## - LOCAL DATA ELEMENT G, LDG (RLIN)
a .b10361522
b 10-09-15
c 10-09-15
942 ## - ADDED ENTRY ELEMENTS (KOHA)
Koha item type Ordinary Loan Books
Call number prefix RA790.5
Call number suffix ABC
Holdings
Date last seen Total Checkouts Full call number Barcode Cost, replacement price Price effective from Koha item type Lost status Source of classification or shelving scheme Damaged status Not for loan Collection Withdrawn status Home library Current library Shelving location Date acquired Cost, normal purchase price
01/23/2023   RA790.5 ABC 92004041010 80.00 01/23/2023 BOOKS   LCC     NFIC   MAIN MAIN GEN 01/23/2023 80.00